| 000 | 00338 a2200133 4500 | ||
|---|---|---|---|
| 999 |
_c324944 _d324944 |
||
| 001 | 89871 | ||
| 003 | NUST | ||
| 082 | _a813.54 SHE | ||
| 100 |
_aSheldon Sidney _9931 |
||
| 245 |
_aThe Other Side of Midnight _hEnglish |
||
| 260 |
_aIndia _bHarper Collins Publisher _c2011 |
||
| 300 | _aviii,439p. | ||
| 500 | _aGeneral Books | ||
| 942 |
_aCAE NUST _cBK _k813.54 SHE _2ddc |
||